000
00289nam a22001217a 4500
999
_c
152810
_d
152810
082
_a
_b
100
_a
Montgomery Martin
245
_a
Indian historical researches (v.29)/
_c
by Montgomery Martin.
260
_a
New Delhi:
_b
Cosmo,
_c
1838.
300
_a
350p.
650
_a
942
_c
BK